Statistiques concernant Glucides - Aldoses de la série D

Cliquez ici pour prendre le quiz!

Statistiques générales

  • Ce quiz a été pris 9 fois
  • Le résultat moyen est 6 sur 15

Statistiques - réponses

Réponse% Correct
D-Glucose
100%
D-Mannose
100%
D-Galactose
89%
D-Ribose
56%
D-Xylose
56%
D-Erythrose
44%
D-Glycéraldéhyde
44%
D-Lyxose
33%
D-Thréose
33%
D-Allose
22%
D-Idose
22%
D-Arabinose
11%
D-Gulose
11%
D-Altrose
0%
D-Talose
0%

Distribution des résultats

Percentile par nombre de réponses

% des personnes avec chaque résultat

Votre développement - résultats

Vous n’avez pas pris ce quiz